000 00482nam a2200169Ia 4500
005 20250508152117.0
008 008 250505s9999 xx 000 0 eng d
037 _aBooks to be hide in OPAC
040 _aFEDL
_beng
_cFEDL
041 _aeng
_2eng
084 _a030, ENC/O
_qFEDL
245 0 _aBritannica book of the year 1957
260 _aChicago
_bEncyclopaedia Britannica, Ltd.
_c1957
300 _a532p.
942 _cHB
_h030, ENC/O
999 _c1334305
_d1334305